| 000 | 00539nam a22001577a 4500 | ||
|---|---|---|---|
| 008 | 150409b xxu||||| |||| 00| 0 eng d | ||
| 050 | _aB5315.W5O34 | ||
| 100 |
_aOgbenika, Gregory Ebalu _917059 |
||
| 245 |
_aDemocracy and development in the socio-political philosophy of Kwasi Wiredu _c/by Gregory Ebalu Ogbenika |
||
| 260 |
_aRome _c2008 _bPontificia Universit Urbaniana, Facultas Philosophiae |
||
| 300 |
_aix,173p. ; _c25cm. |
||
| 500 | _aThesis | ||
| 521 | _aThesis | ||
| 650 |
_aWiredu, Kwasi _917060 |
||
| 942 |
_2lcc _cMONOGRAPH |
||
| 999 |
_c122621 _d122621 |
||